[Event "Hajduszoboszlo op 2nd"]
[Site "Hajduszoboszlo"]
[Date "2024.02.10"]
[Round "5"]
[White "Wasilewski, Mateusz2"]
[Black "Bordos, Janos"]
[Result "1/2-1/2"]
[WhiteElo "1330"]
[BlackElo "1600"]
[PlyCount "107"]
[EventDate "2024.02.08"]
[EventType "swiss"]
[EventRounds "7"]
[EventCountry "HUN"]
[SourceTitle "CB08_2024"]
[SourceDate "2024.02.21"]
[SourceVersion "1"]
[SourceVersionDate "2024.02.21"]
[SourceQuality "1"]

1. d4 d5 2. c4 e6 3. Nc3 Nf6 4. e3 c6 5. Nf3 Bd6 6. Bd3 Nbd7 7. 0-0 0-0 8. e4 dxe4 9. Nxe4 Nxe4 10. Bxe4 Nf6 11. Bc2 c5 12. dxc5 Bxc5 13. b3 b6 14. Bb2 Bb7 15. Qe2 Qe7 16. h3 Rad8 17. Rad1 Rxd1 18. Rxd1 Rd8 19. Rxd8+ Qxd8 20. Qd2 Qxd2 21. Nxd2 h6 22. a3 a5 23. a4 Bb4 24. Nb1 Ne4 25. f3 Nc5 26. Bc3 Na6 27. Kf1 Kf8 28. Ke2 f6 29. Bd4 Bc5 30. Bxc5+ bxc5 31. Nd2 Ke7 32. Be4 Bxe4 33. Nxe4 f5 34. Nc3 Kd6 35. f4 g5 36. g3 gxf4 37. gxf4 e5 38. Ke3 e4 39. Nb5+ Kc6 40. Na7+ Kd7 41. Nb5 Nb4 42. Na3 Nc6 43. Nc2 Ke6 44. Kd2 Kd6 45. Ke3 h5 46. h4 Ne7 47. Ne1 Nc6 48. Nc2 Ke6 49. Kd2 Kd7 50. Ke3 Kd6 51. Kd2 Nb4 52. Nxb4 cxb4 53. Ke2 Kc6 54. Kd2 1/2-1/2

[Event "HUN-chT2 Barcza 1213"]
[Site "Hungary"]
[Date "2012.10.07"]
[Round "2.7"]
[White "Bordos, Janos"]
[Black "Molnar, Janos"]
[Result "0-1"]
[WhiteElo "2039"]
[BlackElo "2109"]
[PlyCount "56"]
[EventDate "2012.09.16"]
[EventType "team-tourn"]
[EventRounds "11"]
[EventCountry "HUN"]
[SourceTitle "EXT 2014"]
[Source "ChessBase"]
[SourceDate "2013.11.20"]
[SourceVersion "1"]
[SourceVersionDate "2013.11.20"]
[SourceQuality "1"]
[WhiteTeam "Debrecen Sakkiskola"]
[BlackTeam "Piremon"]
[WhiteTeamCountry "HUN"]
[BlackTeamCountry "HUN"]

1. e4 g6 2. d4 Bg7 3. Nc3 d6 4. Be3 Nf6 5. f3 Nbd7 6. Qd2 c6 7. 0-0-0 Qa5 8. Kb1 0-0 9. g4 e5 10. h4 exd4 11. Bxd4 Ne5 12. h5 Be6 13. h6 Bh8 14. Nd5 Qd8 15. Nf4 Qe7 16. Qc3 Nfd7 17. Qd2 Rfd8 18. Bc3 Nc5 19. Be2 Na4 20. Bb4 Nxb2 21. Re1 Nec4 22. Bxc4 Nxc4 23. Qe2 Qf6 24. c3 Qxf4 25. Nh3 Qxf3 26. Qc2 a5 27. Ng5 Qf6 28. Nxe6 Qxe6 0-1

[Event "HUN-chT2 Barcza 0809"]
[Site "Hungary"]
[Date "2009.03.08"]
[Round "9.5"]
[White "Bordos, Janos"]
[Black "Mate, Balazs"]
[Result "1-0"]
[WhiteElo "2054"]
[BlackElo "2171"]
[PlyCount "117"]
[EventDate "2008.10.26"]
[EventType "team-tourn"]
[EventRounds "11"]
[EventCountry "HUN"]
[SourceTitle "EXT 2010"]
[Source "ChessBase"]
[SourceDate "2010.11.25"]
[SourceVersion "1"]
[SourceVersionDate "2010.11.25"]
[SourceQuality "1"]
[WhiteTeam "TEVA SE"]
[BlackTeam "Hajduszoboszlo"]
[WhiteTeamCountry "HUN"]
[BlackTeamCountry "HUN"]

1. e4 c5 2. Nf3 d6 3. d4 cxd4 4. Nxd4 Nf6 5. Nc3 a6 6. Be2 e5 7. Nf3 Be7 8. 0-0 b5 9. a3 Bb7 10. Bd3 0-0 11. Bg5 Nbd7 12. Re1 h6 13. Bxf6 Nxf6 14. Qe2 Rc8 15. Rad1 Qb6 16. Qe3 Nd7 17. Qxb6 Nxb6 18. Nb1 Rc7 19. b3 Bc8 20. Nfd2 Be6 21. g3 f5 22. f3 fxe4 23. fxe4 Bh3 24. c4 Bg4 25. Rc1 Rfc8 26. Rc2 Bg5 27. h4 Bd8 28. Rec1 Bd7 29. cxb5 Rxc2 30. Rxc2 Rxc2 31. Bxc2 Bxb5 32. Nc3 Bc6 33. Bd3 Bb7 34. Nc4 Bc7 35. Na5 Bc8 36. b4 Kf7 37. b5 axb5 38. Nxb5 Bb8 39. Nc6 Ke6 40. Nxb8 d5 41. Nc7+ Kd6 42. Nxd5 Nxd5 43. exd5 Kxd5 44. Kf2 Kd4 45. Bb5 Ke4 46. a4 Kd5 47. Ke3 e4 48. Bc6+ Ke5 49. Bxe4 Kf6 50. a5 g5 51. a6 Bxa6 52. Nxa6 gxh4 53. gxh4 Ke5 54. Nc5 Kf6 55. Kf4 Kg7 56. Kg4 Kf6 57. Kh5 Kg7 58. Ne6+ Kf6 59. Kxh6 1-0

[Event "HUN-chT2 Maroczy 0708"]
[Site "Hungary"]
[Date "2007.11.25"]
[Round "3"]
[White "Bordos, Janos"]
[Black "Hidegh, Eszter"]
[Result "1-0"]
[WhiteElo "2066"]
[BlackElo "2117"]
[PlyCount "85"]
[EventDate "2007.10.14"]
[EventType "team"]
[EventRounds "11"]
[EventCountry "HUN"]
[SourceTitle "EXT 2009"]
[Source "ChessBase"]
[SourceDate "2008.11.26"]
[SourceVersion "1"]
[SourceVersionDate "2008.11.26"]
[SourceQuality "1"]
[WhiteTeam "Teva"]
[BlackTeam "Matra"]
[WhiteTeamCountry "HUN"]
[BlackTeamCountry "HUN"]

1. e4 c5 2. Nf3 Nc6 3. d4 cxd4 4. Nxd4 Nf6 5. Nc3 e5 6. Ndb5 d6 7. a4 a6 8. Na3 Be6 9. Bg5 Rc8 10. Bc4 Nd4 11. Nd5 Bxd5 12. Bxd5 Qa5+ 13. c3 Nxd5 14. exd5 h6 15. Bd2 Nf5 16. Qb3 Qc7 17. 0-0 g5 18. Rae1 Be7 19. Qc2 Nh4 20. Qd3 g4 21. Re4 f5 22. Rc4 Qd7 23. f4 gxf3 24. Rxh4 fxg2 25. Rff4 exf4 26. Rxf4 Bg5 27. Rf2 Bxd2 28. Rxd2 Rf8 29. Nc4 b5 30. Nb6 Qa7 31. Re2+ Kd8 32. a5 f4 33. Qg6 Qc7 34. Re6 Qc5+ 35. Kxg2 f3+ 36. Kh3 f2 37. Rxd6+ Kc7 38. Rc6+ Kb7 39. Qh7+ Kb8 40. Nd7+ Ka8 41. Rxa6+ Qa7 42. Rxa7+ Kxa7 43. Nc5+ 1-0

[Event "HUN-chT2 Barcza 0304"]
[Site "Hungary"]
[Date "2004.04.04"]
[Round "10"]
[White "Rakaczki, Csaba"]
[Black "Bordos, Janos"]
[Result "1-0"]
[WhiteElo "1836"]
[BlackElo "2051"]
[PlyCount "129"]
[EventDate "2003.08.29"]
[EventType "team"]
[EventRounds "11"]
[EventCountry "HUN"]
[SourceTitle "EXT 2009"]
[Source "ChessBase"]
[SourceDate "2008.11.26"]
[SourceVersion "1"]
[SourceVersionDate "2008.11.26"]
[SourceQuality "1"]
[WhiteTeam "Derecske"]
[BlackTeam "DEAC"]
[WhiteTeamCountry "HUN"]
[BlackTeamCountry "HUN"]

1. e4 c5 2. Nf3 Nc6 3. d4 cxd4 4. Nxd4 Nf6 5. Nc3 e5 6. Ndb5 d6 7. Bg5 a6 8. Na3 b5 9. Nd5 Be6 10. Nxf6+ gxf6 11. Bd2 d5 12. Bd3 Rg8 13. Rg1 Nd4 14. Be3 Qa5+ 15. Kf1 0-0-0 16. Bxd4 exd4 17. Qf3 b4 18. Nb1 dxe4 19. Qxe4 Bd5 20. Qf5+ Kc7 21. Nd2 Qb6 22. Re1 Qc6 23. Ne4 Re8 24. Re2 Rg6 25. f4 Kb6 26. Ng3 Be6 27. Qe4 Qxe4 28. Rxe4 Rh6 29. Kf2 Bd7 30. Rxe8 Bxe8 31. h3 Bc6 32. Nf5 Rh5 33. Nxd4 Bc5 34. c3 h6 35. Ke3 Bd5 36. Bb1 Be6 37. Kd2 Rd5 38. Ke3 Rd8 39. Rd1 Rg8 40. Kf2 Bd5 41. g3 bxc3 42. bxc3 Kc7 43. g4 Rb8 44. Kg3 Rb2 45. Bd3 Rxa2 46. c4 Bb7 47. Nc2 Bc6 48. Kh4 Ba4 49. Rc1 Bf2+ 50. Kh5 Bg3 51. Nb4 Rh2 52. Bf1 Bc6 53. Nxa6+ Kc8 54. Nb4 Bxf4 55. Re1 Bd2 56. Nxc6 Bxe1 57. Ne7+ Kd7 58. Ng8 Bd2 59. Nxh6 Bxh6 60. Kxh6 Rf2 61. Bd3 Rf3 62. Bf5+ Ke7 63. h4 Rc3 64. Kg7 Rxc4 65. h5 1-0

[Event "HUN-chT2 Maroczy 0001"]
[Site "Hungary"]
[Date "2001.04.08"]
[Round "10"]
[White "Barcsi, Judit"]
[Black "Bordos, Janos"]
[Result "1/2-1/2"]
[WhiteElo "2141"]
[BlackElo "2078"]
[PlyCount "120"]
[EventDate "2000.11.26"]
[EventType "team"]
[EventRounds "11"]
[EventCountry "HUN"]
[SourceTitle "EXT 2007"]
[Source "ChessBase"]
[SourceDate "2006.11.23"]
[SourceVersion "1"]
[SourceVersionDate "2006.11.23"]
[SourceQuality "1"]
[WhiteTeam "Szeged Portal"]
[BlackTeam "Debrecen Nyomdasz"]
[WhiteTeamCountry "HUN"]
[BlackTeamCountry "HUN"]

1. e4 c5 2. Nf3 Nc6 3. d4 cxd4 4. Nxd4 d6 5. Bc4 Nf6 6. Nc3 e6 7. Be3 Be7 8. Qe2 a6 9. Bb3 Qc7 10. 0-0 0-0 11. a4 Qa5 12. f4 Qb4 13. Rad1 e5 14. Nf5 Nxe4 15. Nd5 Bxf5 16. Nxb4 Nxb4 17. fxe5 Bg6 18. exd6 Bxd6 19. c3 Nc6 20. Bd5 Be7 21. Bb6 Rae8 22. Bxe4 Bxe4 23. Qc4 Bg6 24. Rfe1 Rc8 25. Qg4 Bf6 26. Qf4 h6 27. Rd7 Rfe8 28. Rxe8+ Rxe8 29. Qf2 Ne5 30. Rd1 Nd3 31. Qg3 Nxb2 32. Re1 Rc8 33. Ba5 Nxa4 34. Qg4 Nb6 35. Bxb6 Rxc3 36. Bd4 Rc4 37. Rd1 Bc2 38. Qe2 Bxd4+ 39. Rxd4 Rxd4 40. Qxc2 Rb4 41. Kf2 Rb5 42. Qe4 Rb2+ 43. Kf3 Rb3+ 44. Kg4 g6 45. Kf4 Rb5 46. Qe7 Kg7 47. Ke4 Kg8 48. Qf6 Rf5 49. Qd8+ Kg7 50. Qd4+ Kg8 51. Qc3 Rb5 52. Kf4 Kh7 53. g4 h5 54. gxh5 Rxh5 55. Qc7 Kg7 56. Qxb7 Rxh2 57. Qxa6 Rf2+ 58. Kg4 Rf5 59. Qc8 Rh5 60. Qe8 Rf5 1/2-1/2

[Event "HUN-chT2 Maroczy 0001"]
[Site "Hungary"]
[Date "2001.03.04"]
[Round "8"]
[White "Rozsnyai, Tamas"]
[Black "Bordos, Janos"]
[Result "1-0"]
[WhiteElo "2004"]
[BlackElo "2078"]
[PlyCount "31"]
[EventDate "2000.11.26"]
[EventType "team"]
[EventRounds "11"]
[EventCountry "HUN"]
[SourceTitle "EXT 2007"]
[Source "ChessBase"]
[SourceDate "2006.11.23"]
[SourceVersion "1"]
[SourceVersionDate "2006.11.23"]
[SourceQuality "1"]
[WhiteTeam "Mako"]
[BlackTeam "Debrecen Nyomdasz"]
[WhiteTeamCountry "HUN"]
[BlackTeamCountry "HUN"]

1. c4 e6 2. Nc3 d5 3. d4 c5 4. Nf3 Nc6 5. cxd5 exd5 6. Bg5 Qa5 7. dxc5 Bxc5 8. Bd2 Bf5 9. Ne4 Bb4 10. Nd6+ Kd7 11. Nxf5 Nf6 12. a3 Bxd2+ 13. Qxd2 Qb6 14. g3 Rad8 15. Bh3 Kc7 16. Qf4+ 1-0

[Event "HUN-chT2 9900"]
[Site "Hungary"]
[Date "1999.11.14"]
[Round "4"]
[White "Bordos, Janos"]
[Black "Gonda, Laszlo"]
[Result "0-1"]
[WhiteElo "2111"]
[BlackElo "2089"]
[PlyCount "54"]
[EventDate "1999.09.26"]
[EventType "team"]
[EventRounds "11"]
[EventCountry "HUN"]
[SourceTitle "EXT 2002"]
[Source "ChessBase"]
[SourceDate "2001.11.25"]
[SourceVersion "1"]
[SourceVersionDate "2001.11.25"]
[SourceQuality "1"]

1. e4 c5 2. Nf3 d6 3. d4 cxd4 4. Nxd4 Nf6 5. Nc3 g6 6. Be3 Bg7 7. f3 0-0 8. Qd2 Nc6 9. 0-0-0 d5 10. exd5 Nxd5 11. Nxc6 bxc6 12. Nxd5 cxd5 13. Qxd5 Qc7 14. Qc5 Qb7 15. Bd4 Bf5 16. Qb5 Qc7 17. Qc5 Qf4+ 18. Be3 Qb8 19. Qb5 Qc7 20. Qc5 Qb7 21. Qb5 Rfc8 22. Qxb7 Rxc2+ 23. Kb1 Rxb2+ 24. Kc1 Rxb7 25. Bd3 Rc8+ 26. Kd2 Rd8 27. Ke2 Rb2+ 0-1

[Event "Eger Agria op"]
[Site "Eger"]
[Date "1999.??.??"]
[Round "?"]
[White "Bordos, Janos"]
[Black "Barabas, Tibor"]
[Result "0-1"]
[WhiteElo "2110"]
[BlackElo "2110"]
[PlyCount "64"]
[EventDate "1999.07.??"]
[EventType "swiss"]
[EventRounds "9"]
[EventCountry "HUN"]
[SourceTitle "EXT 2000"]
[Source "ChessBase"]
[SourceDate "1999.11.16"]
[SourceVersion "1"]
[SourceVersionDate "1999.11.16"]
[SourceQuality "1"]

1. e4 c5 2. Nf3 Nf6 3. Nc3 Nc6 4. d4 cxd4 5. Nxd4 a6 6. Be3 d5 7. Nxc6 bxc6 8. exd5 cxd5 9. Bd4 e6 10. Bd3 Bd6 11. f3 0-0 12. 0-0 Bb7 13. f4 Re8 14. Qe2 Nd7 15. Be5 Bc5+ 16. Kh1 f6 17. Qh5 Nf8 18. Na4 Bd6 19. Bd4 e5 20. fxe5 Bxe5 21. Bc5 Bd6 22. Bd4 Be5 23. c3 Re7 24. Nc5 Bc6 25. Nxa6 Bxd4 26. cxd4 Qb6 27. Rae1 Rxe1 28. Rxe1 Qxd4 29. Re7 Ng6 30. Qh3 Nxe7 31. Qxh7+ Kf8 32. Nc7 Qe5 0-1

[Event "HUN-chT2 9899"]
[Site "Hungary"]
[Date "1998.??.??"]
[Round "?"]
[White "Ballai, Zsolt"]
[Black "Bordos, Janos"]
[Result "1/2-1/2"]
[WhiteElo "2335"]
[BlackElo "2085"]
[PlyCount "43"]
[EventDate "1998.??.??"]
[EventType "team"]
[EventRounds "12"]
[EventCountry "HUN"]
[SourceTitle "EXT 2000"]
[Source "ChessBase"]
[SourceDate "1999.11.16"]
[SourceVersion "1"]
[SourceVersionDate "1999.11.16"]
[SourceQuality "1"]

1. d4 d5 2. c4 e6 3. Nc3 c5 4. e3 Nf6 5. Nf3 Nc6 6. a3 a6 7. dxc5 Bxc5 8. b4 Be7 9. Bb2 dxc4 10. Qxd8+ Bxd8 11. Bxc4 b5 12. Be2 Bb7 13. 0-0 Bb6 14. a4 0-0 15. axb5 axb5 16. Nxb5 Nxb4 17. Bxf6 gxf6 18. Rab1 Ba5 19. Nd6 Ba6 20. Bxa6 Rxa6 21. Nb7 Nd5 22. Nxa5 1/2-1/2

[Event "HUN-chT2 9899"]
[Site "Hungary"]
[Date "1998.??.??"]
[Round "?"]
[White "Bordos, Janos"]
[Black "Csukerda, Attila"]
[Result "0-1"]
[WhiteElo "2085"]
[BlackElo "2100"]
[PlyCount "82"]
[EventDate "1998.??.??"]
[EventType "team"]
[EventRounds "12"]
[EventCountry "HUN"]
[SourceTitle "EXT 2000"]
[Source "ChessBase"]
[SourceDate "1999.11.16"]
[SourceVersion "1"]
[SourceVersionDate "1999.11.16"]
[SourceQuality "1"]

1. e4 c6 2. d4 d5 3. Nc3 dxe4 4. Nxe4 Nd7 5. Bc4 Ngf6 6. Ng3 e6 7. Nf3 c5 8. 0-0 Be7 9. dxc5 Bxc5 10. Qe2 0-0 11. Bf4 Nb6 12. Rad1 Qe7 13. Bd3 Nbd5 14. Bc1 Qc7 15. Ne4 Be7 16. Nfg5 h6 17. Nh3 e5 18. c4 Nxe4 19. Qxe4 Nf6 20. Qe2 Ng4 21. f3 Nf6 22. Nf2 Bc5 23. Kh1 Bd7 24. Ne4 Nxe4 25. Qxe4 f5 26. Qd5+ Kh8 27. Rfe1 Rae8 28. Bc2 Bc8 29. a3 Bd4 30. Qb5 Be6 31. Bd3 Rc8 32. b3 a5 33. Bd2 b6 34. Bxa5 bxa5 35. f4 Rb8 36. Qa6 Rb6 37. Qxa5 Qb7 38. fxe5 Rxb3 39. Bc2 Bc3 40. Qa4 Rb6 41. Re2 Ra8 0-1

[Event "HUN-chT2 9899"]
[Site "Hungary"]
[Date "1998.??.??"]
[Round "?"]
[White "Bordos, Janos"]
[Black "Gombar, Janos"]
[Result "1-0"]
[WhiteElo "2085"]
[BlackElo "2055"]
[PlyCount "71"]
[EventDate "1998.??.??"]
[EventType "team"]
[EventRounds "12"]
[EventCountry "HUN"]
[SourceTitle "EXT 2000"]
[Source "ChessBase"]
[SourceDate "1999.11.16"]
[SourceVersion "1"]
[SourceVersionDate "1999.11.16"]
[SourceQuality "1"]

1. e4 c5 2. Nf3 d6 3. d4 cxd4 4. Nxd4 Nf6 5. Nc3 g6 6. f3 Bg7 7. Be3 0-0 8. Qd2 Nc6 9. 0-0-0 Nxd4 10. Bxd4 Be6 11. Nd5 Bxd5 12. exd5 Qc7 13. Kb1 Rfc8 14. c4 b5 15. Rc1 Nd7 16. Bxg7 Kxg7 17. Qd4+ Kg8 18. h4 Ne5 19. h5 Qc5 20. Qh4 bxc4 21. hxg6 Nxg6 22. Qxh7+ Kf8 23. Bd3 Qd4 24. Bxg6 fxg6 25. Qxg6 Rab8 26. Qh6+ Kf7 27. Qh7+ Kf8 28. Qh8+ Qxh8 29. Rxh8+ Kg7 30. Rxc8 Rxc8 31. b3 c3 32. Kc2 Rc5 33. Rd1 Kf6 34. b4 Rc4 35. a3 Ke5 36. Rd3 1-0

[Event "HUN-chT2 9798"]
[Site "Hungary"]
[Date "1997.??.??"]
[Round "?"]
[White "Bordos, Janos"]
[Black "Ivanyi, Antal"]
[Result "1-0"]
[WhiteElo "2085"]
[BlackElo "2150"]
[PlyCount "63"]
[EventDate "1997.??.??"]
[EventType "team"]
[EventRounds "11"]
[EventCountry "HUN"]
[SourceTitle "EXT 1999"]
[Source "ChessBase"]
[SourceDate "1998.11.16"]
[SourceVersion "1"]
[SourceVersionDate "1998.11.16"]
[SourceQuality "1"]

1. e4 c5 2. Nf3 d6 3. d4 cxd4 4. Nxd4 Nf6 5. Nc3 g6 6. f3 Bg7 7. Be3 0-0 8. Qd2 Nc6 9. 0-0-0 Bd7 10. g4 Qa5 11. Kb1 Rfc8 12. h4 Ne5 13. h5 Rxc3 14. Qxc3 Qxc3 15. bxc3 Nexg4 16. fxg4 Nxe4 17. hxg6 Nxc3+ 18. Kc1 Nxd1 19. gxh7+ Kh8 20. Kxd1 Bxg4+ 21. Be2 Bxe2+ 22. Kxe2 Rc8 23. Kd3 e6 24. c4 a6 25. a4 Rc7 26. Nf3 e5 27. Ng5 Re7 28. Ke4 f6 29. Nf3 Bf8 30. Kf5 Rxh7 31. Rxh7+ Kxh7 32. Kxf6 1-0

[Event "Eger Agria op"]
[Site "Eger"]
[Date "1997.??.??"]
[Round "1"]
[White "Bordos, Janos"]
[Black "Kerek, Csaba"]
[Result "0-1"]
[WhiteElo "2085"]
[BlackElo "2200"]
[PlyCount "54"]
[EventDate "1997.07.??"]
[EventType "swiss"]
[EventRounds "9"]
[EventCountry "HUN"]
[SourceTitle "EXT 2001"]
[Source "ChessBase"]
[SourceDate "2000.11.22"]
[SourceVersion "1"]
[SourceVersionDate "2000.11.22"]
[SourceQuality "1"]

1. e4 d5 2. exd5 Nf6 3. d4 Nxd5 4. c4 Nb6 5. Nc3 e5 6. dxe5 Qxd1+ 7. Nxd1 Nc6 8. f4 Bb4+ 9. Kf2 Be6 10. a3 Be7 11. b3 Nd4 12. c5 Nxb3 13. cxb6 Nxa1 14. bxc7 Rc8 15. Bb5+ Bd7 16. Nc3 Rxc7 17. Nge2 Bc5+ 18. Kg3 0-0 19. Rd1 Be6 20. Ne4 Nb3 21. Bb2 Bb6 22. a4 Nc5 23. Nd6 a6 24. Be8 Bb3 25. Rd4 Be6 26. f5 Bxf5 27. Nf4 Ne4+ 0-1

[Event "Eger Agria op"]
[Site "Eger"]
[Date "1997.??.??"]
[Round "7"]
[White "Bordos, Janos"]
[Black "Sapi, Janos"]
[Result "1-0"]
[WhiteElo "2085"]
[BlackElo "2210"]
[PlyCount "71"]
[EventDate "1997.07.??"]
[EventType "swiss"]
[EventRounds "9"]
[EventCountry "HUN"]
[SourceTitle "EXT 2001"]
[Source "ChessBase"]
[SourceDate "2000.11.22"]
[SourceVersion "1"]
[SourceVersionDate "2000.11.22"]
[SourceQuality "1"]

1. e4 Nc6 2. d4 d5 3. e5 Bf5 4. Bd3 Bxd3 5. Qxd3 e6 6. f4 a6 7. Nf3 Nb4 8. Qe2 c5 9. c3 Nc6 10. 0-0 cxd4 11. cxd4 Nh6 12. Be3 Nf5 13. g4 Nxe3 14. Qxe3 h5 15. g5 g6 16. Nc3 b5 17. Ne2 Be7 18. Rac1 Qb6 19. h4 Na5 20. Rc2 Kd7 21. Rfc1 Rhc8 22. Rxc8 Rxc8 23. Rxc8 Kxc8 24. f5 exf5 25. Nf4 Qc6 26. e6 Nc4 27. Qc3 b4 28. Qe1 fxe6 29. Nxe6 Bd8 30. b3 Nb6 31. Qxb4 Qc1+ 32. Qe1 Qxe1+ 33. Nxe1 Bc7 34. Nf8 Bd6 35. Nxg6 Kd7 36. Ng2 1-0

[Event "Eger Agria op"]
[Site "Eger"]
[Date "1997.??.??"]
[Round "9"]
[White "Hajnal, Zoltan"]
[Black "Bordos, Janos"]
[Result "1-0"]
[WhiteElo "2210"]
[BlackElo "2085"]
[PlyCount "39"]
[EventDate "1997.07.??"]
[EventType "swiss"]
[EventRounds "9"]
[EventCountry "HUN"]
[SourceTitle "EXT 2001"]
[Source "ChessBase"]
[SourceDate "2000.11.22"]
[SourceVersion "1"]
[SourceVersionDate "2000.11.22"]
[SourceQuality "1"]

1. e4 c5 2. Nf3 Nc6 3. d4 cxd4 4. Nxd4 Nf6 5. Nc3 e5 6. Ndb5 d6 7. Bg5 a6 8. Na3 b5 9. Bxf6 gxf6 10. Nd5 Be6 11. Bd3 f5 12. Qh5 Bg7 13. 0-0 0-0 14. exf5 Bxd5 15. f6 e4 16. fxg7 Re8 17. Qxd5 Nb4 18. Qb3 exd3 19. Qxb4 dxc2 20. Nxc2 1-0